000 00882nam a22002537a 4500
005 20130926172807.0
010 _aENG-104756
020 _a9788130913100
_c195.00
035 _aEN-88289
035 _aB-492129-140
037 _bDBAD/PUB
037 _bVirtuous Pub/Ven
082 _a808.02
100 _aMcCallum, Chriss
_d1935-
245 _aWriting how-to articles & books :
_bshare your know-how and get published /
_cby Chriss McCallum
260 _aNew Delhi
_bViva Books
_c2010
270 _a4737/23, Ansari Road
_bNew Delhi
_e110002
300 _axvi,222p.
_c22cm(pbk)
490 _aViva studymates
500 _alncludes bibliographical references [p. 209-215] and index
650 _aAuthorship
942 _2ddc
_cEN
_h808.02
_mMCC
999 _c61070
_d61070